Antidiskriminačný zákon a zásada rovnakého zaobchádzania v pracovnoprávnych vzťahoch
Prijatím zákona č. 365/2004 Z.z. o rovnakom zaobchádzaní v niektorých oblastiach a o ochrane pred diskrimináciou a o zmene a doplnení niektorých zákonov došlo k transformácii niekoľkých smerníc Európskej únie, predovšetkým smernice č. 2000/78/ES, ktorá ustanovuje všeobecný právny rámec pre rovnaké z...
Guardado en:
| Autor principal: | |
|---|---|
| Formato: | Capítulo de libro |
| Lenguaje: | eslovaco |
| Materias: | |
| Etiquetas: |
Sin Etiquetas, Sea el primero en etiquetar este registro!
|
MARC
| LEADER | 00000naa$a2200000$$$4500 | ||
|---|---|---|---|
| 001 | 0036413 | ||
| 005 | 20231102091551.5 | ||
| 041 | 0 | |a slo | |
| 044 | |a SK | ||
| 245 | 1 | 0 | |a Antidiskriminačný zákon a zásada rovnakého zaobchádzania v pracovnoprávnych vzťahoch |c Helena Barancová |
| 520 | |a Prijatím zákona č. 365/2004 Z.z. o rovnakom zaobchádzaní v niektorých oblastiach a o ochrane pred diskrimináciou a o zmene a doplnení niektorých zákonov došlo k transformácii niekoľkých smerníc Európskej únie, predovšetkým smernice č. 2000/78/ES, ktorá ustanovuje všeobecný právny rámec pre rovnaké zaobchádzanie a ktorá sa z hľadiska svojho predmetu dotýka hlavne oblasti pracovnoprávnych vzťahov. Prehľad niektorých problematických častí normatívneho textu zákona a s tým súvisiace interpretačné problémy. | ||
| 610 | 2 | 0 | |a diskriminácia |
| 610 | 2 | 0 | |a vzťahy pracovnoprávne |
| 610 | 2 | 0 | |a práva ľudské |
| 610 | 2 | 0 | |a legislatíva |
| 610 | 2 | 0 | |a terminológia |
| 610 | 2 | 0 | |a právo pracovné |
| 610 | 2 | 0 | |a ochrana pracovníkov |
| 610 | 2 | 0 | |a ochrana osobnosti |
| 100 | 1 | |a Barancová, Helena | |